Introduction to automata theory, languages and computation (Record no. 195281)
[ view plain ]
| 000 -LEADER | |
|---|---|
| fixed length control field | 00468nam a2200157Ia 4500 |
| 005 - DATE AND TIME OF LATEST TRANSACTION | |
| control field | 20250422101806.0 |
| 008 - FIXED-LENGTH DATA ELEMENTS--GENERAL INFORMATION | |
| fixed length control field | 231217s9999 xx 000 0 und d |
| 020 ## - INTERNATIONAL STANDARD BOOK NUMBER | |
| International Standard Book Number | 9788131764619 |
| 082 ## - DEWEY DECIMAL CLASSIFICATION NUMBER | |
| Classification number | 001.6424 HOP;99 |
| 100 ## - MAIN ENTRY--PERSONAL NAME | |
| Personal name | Hopcroft, John E. Motwani, Rajeev. Ullman, Jeffrey D. |
| 245 #0 - TITLE STATEMENT | |
| Title | Introduction to automata theory, languages and computation |
| 250 ## - EDITION STATEMENT | |
| Edition statement | 3rd ed. |
| 260 ## - PUBLICATION, DISTRIBUTION, ETC. (IMPRINT) | |
| Date of publication, distribution, etc. | 2012 |
| Name of publisher, distributor, etc. | Dorling Kindersley |
| Place of publication, distribution, etc. | Noida |
| 300 ## - PHYSICAL DESCRIPTION | |
| Extent | xvi, 487+Q-16 |
| 942 ## - ADDED ENTRY ELEMENTS (KOHA) | |
| Koha item type | Books |
| Date last seen | Total Checkouts | Full call number | Accession number | Old discount | Cost, replacement price | Price effective from | Category | Lost status | Damaged status | Department | Withdrawn status | bill no. | bill date | Permanent Location | Current Location | Shelving location | Entry date | Vendor | Cost, normal purchase price | Grants | Currency symbol | Conversion rate | Discount | Discount type |
|---|---|---|---|---|---|---|---|---|---|---|---|---|---|---|---|---|---|---|---|---|---|---|---|---|
| 26/01/2024 | 001.6424 HOP;99 | 86266 | 25 | 326.25 | 26/01/2024 | Books | Central Library | 73187 | 15/03/2021 | Central Library | Central Library | Central Library | 17/06/2013 | Book Paradise | 435.00 | MCA | RS | 1 | 108.75 | Rupees | ||||
| 26/01/2024 | 001.6424 HOP;100 | 86267 | 25 | 326.25 | 26/01/2024 | Books | Central Library | 73187 | 15/03/2021 | Central Library | Central Library | Central Library | 17/06/2013 | Book Paradise | 435.00 | MCA | RS | 1 | 108.75 | Rupees | ||||
| 26/01/2024 | 001.6424 HOP;101 | 86268 | 25 | 326.25 | 26/01/2024 | Books | Central Library | 73187 | 15/03/2021 | Central Library | Central Library | Central Library | 17/06/2013 | Book Paradise | 435.00 | MCA | RS | 1 | 108.75 | Rupees |
